Journal of environmental design (Record no. 38397)

MARC details
000 -LEADER
fixed length control field 00509nam a2200169Ia 4500
022 ## - INTERNATIONAL STANDARD SERIAL NUMBER
ISSN 1595922915
050 ## - CALL MARK
Classification number GE 320.N6 .E58/
245 #0 - TITLE STATEMENT
Title Journal of environmental design
260 ## - PUBLICATION, DISTRIBUTION, ETC. (IMPRINT)
Place of publication Oyo State, Nigeria.
260 ## - PUBLICATION, DISTRIBUTION, ETC. (IMPRINT)
Name of publisher Parvenu technologies
260 ## - PUBLICATION, DISTRIBUTION, ETC. (IMPRINT)
Year of publication 2019
300 ## - PHYSICAL DESCRIPTION
Number of Pages vi, 199 p. :ill. ; 28 cm.
650 ## - SUBJECT ADDED ENTRY--TOPICAL TERM
Topical Term Environmental management--Nigeria--Periodicals. Nigeria--Environmental policy--Periodicals.
942 ## - ADDED ENTRY ELEMENTS (KOHA)
Koha item type Serials

No items available.